|
|
|
|
| LEADER |
00000nab a2200000 a 4500 |
| 001 |
vtls010540083 |
| 003 |
SK-MaSNL |
| 005 |
20260304034044.0 |
| 008 |
130904c201202 xo r p 000 00slo |
| 015 |
|
|
|a SNBRB2013/08SVKPO
|
| 038 |
|
|
|a SVKPOCL
|
| 040 |
|
|
|a SVKPOCL
|b slo
|c SVKPOCL
|e AACR2
|
| 041 |
|
|
|a slo
|
| 044 |
|
|
|a xo
|c SK
|
| 080 |
|
|
|a 37-051
|2 2001
|
| 080 |
|
|
|a 929 Kočiš, Gejza
|2 2001
|
| 080 |
|
|
|a 930-051
|2 2001
|
| 100 |
1 |
|
|a Bodnárová, Miloslava,
|d 1949-
|4 aut
|9 110823
|
| 245 |
1 |
0 |
|a Gejza Kočiš. Doc. PhDr., CSc.
|c Miloslava Bodnárová
|
| 300 |
|
|
|a Fotogr.
|
| 600 |
1 |
7 |
|a Kočiš, Gejza,
|d 1929-2009
|2 svkpocl
|9 213253
|
| 650 |
0 |
7 |
|a vysokoškolskí učitelia
|2 svkpocl
|9 66590
|
| 651 |
|
7 |
|a Prešov (Slovensko)
|2 snkbucl
|9 17347
|
| 773 |
0 |
|
|t Dejiny : internetový časopis Inštitútu histórie FF PU v Prešove
|g Roč. VII, č. 2 (2012), s. 108-109
|x 1337-0707
|
| 852 |
|
|
|a SVKPO
|b KIS3GCP
|
| 856 |
4 |
1 |
|a http://dejiny.unipo.sk/Dejiny_2_2012.pdf
|
| 958 |
|
|
|a SK
|
| 958 |
|
|
|a NB
|
| 999 |
|
|
|c 2651023
|d 2652953
|